| 000 | 00614nam a2200181Ia 4500 | ||
|---|---|---|---|
| 003 | GCL | ||
| 008 | 140319s9999 xx 000 0 ara d | ||
| 040 |
_aGCL / _cGCL |
||
| 082 | 0 | 4 |
_aق _b962.054 _bج ح |
| 100 | 1 | _aجمال الشرقاوى | |
| 245 | 1 | 0 |
_aحريق القاهرة : قراراتها من جديد / _cجمال الشرقاوى |
| 250 | _aالاولى | ||
| 260 |
_a[S.N] : _bدار الثقافة الجديدة ، _c1976 |
||
| 300 |
_a991 ص ؛ _c24سم |
||
| 650 | 0 | 4 | _aحريق القاهرة 26 يناير 1952 |
| 650 | 0 | 4 | _aمصر - تاريخ - العصر الحديث |
| 942 |
_2ddc _cBK |
||
| 999 |
_c39290 _d39290 |
||